000 00528nam a2200193Ia 4500
003 OSt
005 20221007083215.0
006 a|||||r|||| 00| 0
007 ta
008 221006b |||||||| |||| 00| 0 eng d
024 _a24,047
037 _cTextual
040 _aFLL
_cFLL
_beng
041 _2eng
_aeng
100 _aHussain Syed Ashfar
_9700455
245 0 _aNeed for reforms in Muslim personal law with reference to divorce and maintenance
942 _cTEXL
_2CC
999 _c1169218
_d1169218